[Event "Oebro CXU Nytaar 2025"]
[Site "Copenhagen"]
[Date "2025.12.30"]
[Round "7.8"]
[White "Matthiesen, Martin"]
[Black "Lilja, Richard"]
[Result "1-0"]
[WhiteElo "2289"]
[BlackElo "2104"]
[WhiteFideId "1404067"]
[BlackFideId "1403109"]
[EventDate "2025.12.27"]
[EventType "swiss"]
[EventRounds "7"]
[EventCountry "DEN"]
[SourceTitle "Live v. Obro Skakforening"]

1. d4 Nf6 2. c4 g6 3. Nc3 Bg7 4. e4 d6 5. Nf3 O-O 6. Be2 e5 7. O-O Nc6 8. d5 Ne7 9. b4 Nh5 10. Re1 f5 11. a4 Nf4 12. Bf1 Kh8 13. Ra3 a5 14. bxa5 Rxa5 15. g3 fxe4 16. Nxe4 Nh3+ 17. Kg2 Bg4 18. Be2 Qc8 19. Nd4 Bxe2 20. Nxe2 Qf5 21. f3 h5 22. N2c3 g5 23. Rf1 Ng6 24. Bd2 Raa8 25. Nb5 g4 26. Qe2 gxf3+ 27. Raxf3 Nhf4+ 28. Bxf4 exf4 29. Nxc7 Rxa4 30. Ne6 Rfa8 31. Nxg7 Kxg7 32. Rb3 Kh6 33. Nxd6 Qf6 34. Qe6 Ra2+ 35. Kh3 Rxh2+ 36. Kxh2 fxg3+ 37. Kg1 Qxf1+ 38. Kxf1 Ra1+ 39. Kg2 Ra2+ 40. Kxg3 h4+ 41. Kf3 1-0

[Event "Oebro CXU Nytaar 2025"]
[Site "Copenhagen"]
[Date "2025.12.30"]
[Round "7.9"]
[White "Skovgaard, Andreas"]
[Black "Veiergang, Oscar Jacob"]
[Result "1/2-1/2"]
[WhiteElo "2098"]
[BlackElo "2208"]
[WhiteFideId "1450760"]
[EventDate "2025.12.27"]
[EventType "swiss"]
[EventRounds "7"]
[EventCountry "DEN"]
[SourceTitle "Live v. Obro Skakforening"]

1. Nf3 c5 2. g3 Nc6 3. c4 Nf6 4. Bg2 g6 5. O-O Bg7 6. d4 cxd4 7. Nxd4 O-O 8. Nc3 d6 9. Nxc6 bxc6 10. Qa4 Bd7 11. Bxc6 Rb8 12. Rb1 Bxc6 13. Qxc6 Qa5 14. Qa4 Qxa4 15. Nxa4 Rfc8 16. c5 dxc5 17. Be3 Nd7 18. Rfd1 Nb6 19. Nxb6 axb6 20. Rd7 e6 21. b3 b5 22. Kf1 c4 23. Bd4 Bxd4 24. Rxd4 c3 25. Rc1 b4 26. e3 Rd8 27. Rcd1 Rxd4 28. Rxd4 Rc8 29. Rd1 Ra8 30. Ra1 Rd8 31. Ke1 Rd2 32. a3 bxa3 33. Rxa3 Rb2 34. Ra1 Rxb3 35. Rc1 Kg7 36. Rc2 Kf6 37. Ke2 e5 38. e4 Kg5 39. Ke3 Kg4 40. f3+ Kh3 41. f4 f6 42. fxe5 fxe5 43. Kd3 h5 44. Kc4 Ra3 45. Kd5 Ra5+ 46. Ke6 g5 47. Kf5 g4 48. Kg5 Ra4 49. Kf5 Rd4 50. Kxe5 Rd2 51. Rxc3 Rxh2 52. Kf4 Rf2+ 53. Kg5 Rf3 54. Rc1 Kxg3 55. Kxh5 Rf4 56. Rg1+ Kh3 57. Re1 g3 58. Kg5 Rf3 59. e5 g2 60. Rg1 Rf1 61. Rxg2 Kxg2 62. e6 Kf3 63. e7 Re1 64. Kf6 Kf4 65. Kf7 Rxe7+ 66. Kxe7 Ke5 1/2-1/2

[Event "Oebro CXU Nytaar 2025"]
[Site "Copenhagen"]
[Date "2025.12.30"]
[Round "7.10"]
[White "Jarlskov, Daniel Tuk Hartso"]
[Black "Elnegaard, Tristan Lund"]
[Result "1-0"]
[WhiteElo "2202"]
[BlackElo "1867"]
[WhiteFideId "1463896"]
[BlackFideId "1480707"]
[EventDate "2025.12.27"]
[EventType "swiss"]
[EventRounds "7"]
[EventCountry "DEN"]
[SourceTitle "Live v. Obro Skakforening"]

1. d4 Nf6 2. c4 e6 3. Nf3 d5 4. g3 Be7 5. Bg2 O-O 6. O-O dxc4 7. Qc2 c5 8. Qxc4 Nbd7 9. Rd1 Qb6 10. Nc3 a6 11. h3 cxd4 12. Nxd4 Ne5 13. Qb3 Bc5 14. Na4 Qxb3 15. Nxb3 Ba7 16. Nac5 Bxc5 17. Nxc5 Nc6 18. Na4 e5 19. Nb6 Rb8 20. Nxc8 Rbxc8 21. b3 Rfe8 22. Bb2 Nb4 23. Bxb7 Rc7 24. Bg2 Rc2 25. Ba3 Nxa2 26. Rd6 Nc3 27. Rxa6 Nxe2+ 28. Kf1 e4 29. Re1 Nd4 30. Bxe4 Ra2 31. Bd3 Rb8 32. Bc4 Nf3 33. Re2 Ra1+ 34. Kg2 Ne1+ 35. Rxe1 Rxe1 36. Ra7 Rd8 37. Rxf7 Kh8 38. Bb2 Rb1 39. Bc3 Rc1 40. Ba5 Re8 41. Bd2 Rd1 42. Bc3 Rc1 43. Bb2 Rb1 44. Bxf6 gxf6 45. Rxf6 Rd1 46. g4 Rd4 47. Rf7 Red8 48. Kg3 Re8 49. h4 Re1 50. f3 Rg1+ 51. Kf2 Rgd1 52. h5 Rd6 53. Kg3 h6 54. Kf4 Re1 55. Kf5 Re3 56. Kf4 Re1 57. Rf5 Rd4+ 58. Kg3 Rd8 59. Rf6 Kg7 60. Rg6+ Kh7 61. Re6 Rg1+ 62. Kf2 Rc1 63. Re5 Kg7 64. Rd5 Re8 65. Rd6 Rc2+ 66. Kg3 Rc1 67. Rg6+ Kh7 68. Bd3 Rce1 69. b4 R1e3 70. Bf5 R3e5 71. Kf4 Rxf5+ 72. Kxf5 Rb8 73. Re6 Rb5+ 74. Re5 Rxb4 75. Re7+ Kg8 76. f4 Rb5+ 77. Re5 Rb6 78. Re6 Rb7 79. Rxh6 Rb5+ 80. Kg6 Ra5 81. f5 Ra7 82. f6 Rb7 83. f7+ Rxf7 84. Rh8+ Kxh8 85. Kxf7 Kh7 86. g5 Kh8 87. Kf8 1-0

[Event "Oebro CXU Nytaar 2025"]
[Site "Copenhagen"]
[Date "2025.12.30"]
[Round "7.11"]
[White "Ramsdal, Mikkel"]
[Black "Slavensky, Asbjorn Vesterkaer"]
[Result "1/2-1/2"]
[WhiteElo "1935"]
[BlackElo "2118"]
[WhiteFideId "1438484"]
[EventDate "2025.12.27"]
[EventType "swiss"]
[EventRounds "7"]
[EventCountry "DEN"]
[SourceTitle "Live v. Obro Skakforening"]

1. d4 Nf6 2. c4 c5 3. d5 e6 4. Nc3 exd5 5. cxd5 d6 6. e4 g6 7. Bf4 Bg7 8. Bd3 a6 9. a4 O-O 10. Nf3 Bg4 11. O-O Re8 12. Re1 Qc7 13. h3 Bxf3 14. Qxf3 Nbd7 15. Qd1 Ne5 16. Bc2 Nfd7 17. Bc1 Rab8 18. Bd3 Nxd3 19. Qxd3 c4 20. Qg3 b5 21. axb5 axb5 22. Bf4 Ne5 23. Ra6 b4 24. Ne2 Ra8 25. Rea1 Qb7 26. Rxa8 Rxa8 27. Rc1 Rc8 28. b3 c3 29. Nd4 Kh8 30. Nc2 Qb5 31. Bxe5 Bxe5 32. Qe3 Ra8 33. f4 Bg7 34. Kh2 h6 35. f5 Be5+ 36. Kh1 g5 37. Qf3 Ra2 38. Qh5 Kg7 39. f6+ Kxf6 40. Qxh6+ Ke7 41. Qxg5+ f6 42. Qg7+ Kd8 43. Qf8+ Kd7 44. Qf7+ Kd8 45. Qf8+ Kd7 46. Qf7+ 1/2-1/2

[Event "Oebro CXU Nytaar 2025"]
[Site "Copenhagen"]
[Date "2025.12.30"]
[Round "7.12"]
[White "Olsen, Michael Richard W"]
[Black "Rosenlund, Thorbjorn"]
[Result "0-1"]
[WhiteElo "2115"]
[BlackElo "2062"]
[WhiteFideId "1440969"]
[BlackFideId "1400614"]
[EventDate "2025.12.27"]
[EventType "swiss"]
[EventRounds "7"]
[EventCountry "DEN"]
[SourceTitle "Live v. Obro Skakforening"]

1. e4 c5 2. Nf3 Nc6 3. d4 cxd4 4. Nxd4 Nf6 5. Nc3 e5 6. Ndb5 d6 7. a4 Be7 8. Be2 O-O 9. Be3 Be6 10. Bf3 a6 11. Na3 Nb4 12. O-O d5 13. exd5 Nbxd5 14. Nxd5 Nxd5 15. Bd2 Qc7 16. Nb1 Rad8 17. Qc1 f5 18. Be2 e4 19. c4 Nb4 20. Bf4 Bd6 21. Bxd6 Rxd6 22. b3 Nc6 23. Nc3 Nd4 24. Qb2 Rfd8 25. Rfe1 Qc5 26. a5 Qe5 27. Bf1 Bd7 28. Rad1 Rh6 29. h3 Bc6 30. f4 Qxf4 31. Nd5 Nf3+ 32. gxf3 Bxd5 33. Rxd5 Rxd5 34. cxd5 Qg3+ 35. Bg2 Qxe1+ 36. Kh2 Rg6 37. Qe5 h6 38. fxe4 Qf2 39. Qe8+ 0-1

[Event "Oebro CXU Nytaar 2025"]
[Site "Copenhagen"]
[Date "2025.12.30"]
[Round "7.13"]
[White "Thuesen, Mogens Henrik"]
[Black "Alzaga, Luis"]
[Result "0-1"]
[WhiteElo "2113"]
[BlackElo "1996"]
[BlackFideId "1481606"]
[EventDate "2025.12.27"]
[EventType "swiss"]
[EventRounds "7"]
[EventCountry "DEN"]
[SourceTitle "Live v. Obro Skakforening"]

1. Nf3 Nf6 2. b3 e6 3. Bb2 d5 4. e3 c5 5. c4 Nc6 6. cxd5 exd5 7. Bb5 Bg4 8. h3 Bh5 9. g4 Bg6 10. Ne5 Qc7 11. Nxg6 hxg6 12. Qf3 O-O-O 13. Nc3 Ne5 14. Qg2 d4 15. Ne4 Qa5 16. a4 dxe3 17. O-O-O Qb4 18. dxe3 Be7 19. Bxe5 Nxe4 20. Bc4 Nd2 21. g5 Rh4 22. f4 Nxc4 23. Rxd8+ Bxd8 24. bxc4 Qxc4+ 25. Kb1 Qd3+ 26. Ka2 Ba5 27. Rb1 Qd2+ 28. Qxd2 Bxd2 0-1

[Event "Oebro CXU Nytaar 2025"]
[Site "Copenhagen"]
[Date "2025.12.30"]
[Round "7.14"]
[White "Petersen, Lasse Emil"]
[Black "Lauritsen, Martin Lee"]
[Result "1/2-1/2"]
[WhiteElo "1904"]
[BlackElo "2115"]
[WhiteFideId "1440659"]
[BlackFideId "1408658"]
[EventDate "2025.12.27"]
[EventType "swiss"]
[EventRounds "7"]
[EventCountry "DEN"]
[SourceTitle "Live v. Obro Skakforening"]

1. d4 Nf6 2. c4 e6 3. Nf3 b6 4. g3 Bb7 5. Bg2 c5 6. O-O cxd4 7. Nxd4 Bxg2 8. Kxg2 Be7 9. b3 O-O 10. Bb2 d5 11. cxd5 Qxd5+ 12. Nf3 Qb7 13. e3 Na6 14. Kg1 Rac8 15. Nc3 Nb4 16. Qe2 Rc5 17. a3 Nbd5 18. Nxd5 Qxd5 19. b4 Rcc8 20. Nd4 Ne4 21. Rfd1 Rfd8 22. Rac1 Rxc1 23. Rxc1 Bf8 24. Qc4 e5 25. Qxd5 Rxd5 26. Nc6 f6 27. Rc2 a5 28. Kf1 axb4 29. axb4 Rd3 30. Ke2 Rb3 31. f3 Nd6 32. Bc1 Nb5 33. Bd2 Na3 34. Rc3 Rxc3 35. Bxc3 Kf7 36. Kd3 Ke6 37. Na7 Kd7 38. b5 Bd6 39. Bb2 Bb8 40. Nc6 Bd6 41. Bxa3 Bxa3 42. Kc4 Ke6 43. e4 h5 44. h3 Kd6 1/2-1/2

[Event "Oebro CXU Nytaar 2025"]
[Site "Copenhagen"]
[Date "2025.12.30"]
[Round "7.15"]
[White "Nilssen, Ellen Fredericia"]
[Black "Kamal, Yogasimman"]
[Result "1-0"]
[WhiteElo "2142"]
[BlackElo "1762"]
[WhiteFideId "1441230"]
[BlackFideId "1477196"]
[EventDate "2025.12.27"]
[EventType "swiss"]
[EventRounds "7"]
[EventCountry "DEN"]
[SourceTitle "Live v. Obro Skakforening"]

1. d4 d5 2. c4 c6 3. cxd5 cxd5 4. Nc3 Nf6 5. Bf4 a6 6. Nf3 Nc6 7. e3 Bg4 8. Be2 Bxf3 9. Bxf3 e6 10. O-O Bd6 11. Bg5 O-O 12. Rc1 Be7 13. Qd3 Rc8 14. Rfd1 h6 15. Bh4 Nd7 16. Bxe7 Qxe7 17. e4 dxe4 18. Nxe4 Rfd8 19. Qe3 Nf6 20. Nc3 Rc7 21. Ne2 Nb4 22. Rxc7 Qxc7 23. Qc3 Qxc3 24. bxc3 Nc6 25. Rb1 Na5 26. Bxb7 Rb8 27. Be4 Rxb1+ 28. Bxb1 Nd5 29. Bd3 Nc7 30. Kf1 Kf8 31. Ke1 Ke7 32. Ng3 f5 33. Kd2 g6 34. Ne2 g5 35. c4 Kd6 36. Kc3 Nc6 37. Ng3 Ke7 38. Nf1 Kd6 39. Ne3 g4 40. c5+ Ke7 41. Bc4 Kf6 42. d5 exd5 43. Nxd5+ Nxd5+ 44. Bxd5 1-0

[Event "Oebro CXU Nytaar 2025"]
[Site "Copenhagen"]
[Date "2025.12.30"]
[Round "7.16"]
[White "Nielsen, Pia"]
[Black "Snedker, Oliver Kaehne"]
[Result "1/2-1/2"]
[WhiteElo "1541"]
[BlackElo "1944"]
[WhiteFideId "1409700"]
[BlackFideId "1470051"]
[EventDate "2025.12.27"]
[EventType "swiss"]
[EventRounds "7"]
[EventCountry "DEN"]
[SourceTitle "Live v. Obro Skakforening"]

1. c3 d5 2. d4 Nf6 3. Nf3 Bf5 4. Bg5 e6 5. e3 h6 6. Bh4 Be7 7. Bd3 Bxd3 8. Qxd3 O-O 9. O-O g5 10. Bg3 Ne4 11. Nbd2 f5 12. h3 h5 13. Ne5 Kg7 14. Nxe4 dxe4 15. Qe2 Rh8 16. f3 exf3 17. Qxf3 Nd7 18. e4 f4 19. Bxf4 gxf4 20. Qxf4 Nxe5 21. Qxe5+ Bf6 22. Qxe6 Qe7 23. Qxe7+ Bxe7 24. Rf5 Raf8 25. Raf1 Rxf5 26. Rxf5 Kg6 27. Kf2 Rf8 28. Rxf8 Bxf8 29. Kf3 Bh6 30. c4 c5 31. d5 Kf6 32. Ke2 Ke5 33. Kf3 Bg5 34. b3 a6 35. g3 b6 36. a4 a5 37. h4 Bf6 38. g4 Bxh4 39. gxh5 Bg5 40. Kg4 Bh6 41. Kf3 Bc1 1/2-1/2

[Event "Oebro CXU Nytaar 2025"]
[Site "Copenhagen"]
[Date "2025.12.30"]
[Round "7.17"]
[White "Hirshals, Valdemar"]
[Black "Pedersen, Jan Nordenbaek"]
[Result "0-1"]
[WhiteElo "1800"]
[BlackElo "2171"]
[EventDate "2025.12.27"]
[EventType "swiss"]
[EventRounds "7"]
[EventCountry "DEN"]
[SourceTitle "Live v. Obro Skakforening"]

1. e4 e5 2. Nf3 Nc6 3. Bb5 a6 4. Ba4 Nf6 5. d3 d6 6. c3 Bd7 7. Nbd2 g6 8. O-O Bg7 9. Re1 O-O 10. Nf1 b5 11. Bb3 Na5 12. Bc2 c5 13. Bg5 h6 14. Bh4 Qc7 15. Rc1 Nc6 16. Ne3 Ne7 17. Bb1 g5 18. Bg3 Ng6 19. d4 Rad8 20. d5 Rde8 21. c4 Nf4 22. h4 g4 23. Nd2 h5 24. b4 cxb4 25. cxb5 Qb8 26. bxa6 Qb6 27. Bxf4 exf4 28. Nec4 Qxa6 29. Qb3 Rb8 30. e5 dxe5 31. Nxe5 Ba4 32. Qd3 Qxd3 33. Bxd3 Nxd5 34. Bc4 Rbd8 35. Nb3 Nb6 36. Nc5 Nxc4 37. Rxc4 Rfe8 38. Nxa4 Rxe5 39. Rxe5 Bxe5 40. Rxb4 Rd1+ 41. Kh2 g3+ 0-1

[Event "Oebro CXU Nytaar 2025"]
[Site "Copenhagen"]
[Date "2025.12.30"]
[Round "7.18"]
[White "Vehl, Tina"]
[Black "Thorsbro, Peter"]
[Result "0-1"]
[WhiteElo "1873"]
[BlackElo "2157"]
[WhiteFideId "1418262"]
[BlackFideId "1406671"]
[EventDate "2025.12.27"]
[EventType "swiss"]
[EventRounds "7"]
[EventCountry "DEN"]
[SourceTitle "Live v. Obro Skakforening"]

1. e4 e5 2. Nf3 Nc6 3. d4 exd4 4. Nxd4 Nf6 5. Nc3 Bc5 6. Nxc6 bxc6 7. Bd3 O-O 8. O-O d5 9. h3 Re8 10. exd5 cxd5 11. Bg5 c6 12. Qf3 Rb8 13. Rfe1 Rxe1+ 14. Rxe1 Be6 15. Bf4 Bd6 16. Bxd6 Qxd6 17. b3 Qb4 18. Ra1 Re8 19. a3 Qd6 20. b4 c5 21. bxc5 Qxc5 22. Ne2 Bd7 23. Nf4 d4 24. Ne2 Bc6 25. Qf4 Be4 26. Qd2 h6 27. Ng3 Bc6 28. Qb4 Qd5 29. Bf1 a5 30. Qc4 Qxc4 31. Bxc4 Ba4 32. Bd3 g6 33. Ne2 Bxc2 34. Bb5 Rd8 35. Nc1 d3 36. Nxd3 Rxd3 37. Bxd3 Bxd3 38. Rd1 Bc2 39. Rd2 Bb3 40. a4 Nd5 41. Rd3 Ba2 42. Rd2 Nb4 43. Rd8+ Kg7 44. Ra8 Nc6 45. Rc8 Bd5 46. f3 Kf6 47. Re8 Bb3 48. Rc8 Bxa4 49. Kf2 Ke6 50. Ke3 Kd7 51. Rf8 Bb3 52. Kd3 a4 53. Kc3 Ke6 54. Rc8 Ne7 55. Ra8 Nd5+ 56. Kd4 Nf4 57. Ra6+ Kf5 58. Ra5+ Kf6 0-1

[Event "Oebro CXU Nytaar 2025"]
[Site "Copenhagen"]
[Date "2025.12.30"]
[Round "7.19"]
[White "Rasmussen, Victoria"]
[Black "Porte, Henrik"]
[Result "0-1"]
[WhiteElo "1751"]
[BlackElo "2122"]
[WhiteFideId "1487531"]
[BlackFideId "1016326"]
[EventDate "2025.12.27"]
[EventType "swiss"]
[EventRounds "7"]
[EventCountry "DEN"]
[SourceTitle "Live v. Obro Skakforening"]

1. e4 c6 2. d4 d5 3. f3 e5 4. dxe5 Qb6 5. Nc3 Bc5 6. Na4 Bf2+ 7. Ke2 Qb5+ 8. Kxf2 Qxa4 9. exd5 cxd5 10. b3 Qa5 11. Bd2 Qc7 12. Bf4 Be6 13. Bb5+ Kf8 14. Ne2 a6 15. Bd3 Nc6 16. Re1 Nge7 17. Rc1 Rd8 18. c3 h6 19. Nd4 g5 20. Nxe6+ fxe6 21. Bg3 Kg7 22. c4 dxc4 23. Rxc4 Nf5 24. Qc2 Qb6+ 25. Rc5 Nb4 0-1

[Event "Oebro CXU Nytaar 2025"]
[Site "Copenhagen"]
[Date "2025.12.30"]
[Round "7.20"]
[White "Saravana, Vedant Kumar"]
[Black "Kirkebaekke, Mark"]
[Result "1-0"]
[WhiteElo "2063"]
[BlackElo "1940"]
[WhiteFideId "45059730"]
[EventDate "2025.12.27"]
[EventType "swiss"]
[EventRounds "7"]
[EventCountry "DEN"]
[SourceTitle "Live v. Obro Skakforening"]

1. e4 e5 2. Nf3 Nc6 3. Bc4 Nf6 4. d3 Bc5 5. c3 d6 6. O-O h6 7. a4 a6 8. Nbd2 O-O 9. h3 Be6 10. Re1 Qd7 11. Bxe6 fxe6 12. Nf1 Nh5 13. d4 exd4 14. cxd4 Ba7 15. Be3 Qf7 16. N1h2 Nf4 17. Qd2 e5 18. Bxf4 Qxf4 19. Qxf4 Rxf4 20. d5 Nd4 21. Nxd4 Bxd4 22. Re2 a5 23. Rc1 Bc5 24. Nf3 Ra6 25. Rxc5 dxc5 26. Nxe5 b6 27. g3 Rf8 28. f4 Raa8 29. Nc6 Rae8 30. Kf2 h5 31. Kf3 g5 32. f5 h4 33. g4 Rf6 34. e5 Rff8 35. e6 Kg7 36. Ke4 Kf6 37. Ne5 1-0